| 000 | 01318nam a22002177a 4500 | ||
|---|---|---|---|
| 003 | IT-MiCISF | ||
| 005 | 20250929122354.0 | ||
| 008 | 250929b |||||||| |||| 00| 0 eng d | ||
| 020 | _a9788807910883 | ||
| 040 | _cIT-MiCISF | ||
| 100 |
_aPellai Alberto _956522 |
||
| 245 |
_aCose che ai maschi nessuno dice. _bBaciare, fare, dire |
||
| 250 | _aNuova edizione aggiornata | ||
| 260 |
_aMilano, _bUP Feltrinelli, _c2024 |
||
| 300 | _app. 158 | ||
| 500 | _auomo, identità-maschile, infanzia, adolescenza, educazione, nuovi-media | ||
| 520 | _aIl cromosoma Y impone regole precise alle quali si deve obbedire. Ma perché agli uomini non è permesso piangere, anche quando sono sopraffatti dal dolore? Perché non possono mostrarsi sensibili ed emotivi? Perché ai ragazzi viene insegnato che non devono chiedere aiuto? In un dialogo appassionato, Alberto Pellai parla agli adolescenti dei temi a loro più vicini come l’amicizia, il sesso, i videogiochi, i social e le dipendenze, e propone un nuovo pensiero “declinato al maschile” ma lontano dagli stereotipi che impongono ai giovani maschi di conquistare la propria identità di genere ispirandosi al mito dell’uomo che non deve chiedere mai né far trapelare le proprie emozioni. | ||
| 650 |
_aUomo _956127 |
||
| 654 | _asaggio | ||
| 942 |
_2ddc _cBK |
||
| 999 |
_c360635 _d360635 |
||